VICARIOS DE CRISTO : (Registro nro. 55513)
[ vista simple ]
| 000 -LEADER | |
|---|---|
| fixed length control field | 00974nam a2200205 a 4500 |
| 001 - CONTROL NUMBER | |
| control field | 55513 |
| 005 - DATE AND TIME OF LATEST TRANSACTION | |
| control field | 20180714050840.0 |
| 008 - FIXED-LENGTH DATA ELEMENTS--GENERAL INFORMATION | |
| fixed length control field | 140415s2010 mx 000 0 spa d |
| 020 ## - INTERNATIONAL STANDARD BOOK NUMBER | |
| International Standard Book Number | 9786077592297 |
| 041 ## - LANGUAGE CODE | |
| Language code of text/sound track or separate title | spa |
| 082 ## - DEWEY DECIMAL CLASSIFICATION NUMBER | |
| Classification number | 261.83456 |
| Item number | GON |
| 100 1# - MAIN ENTRY--PERSONAL NAME | |
| Personal name | GONZALEZ FAUS, JOSE IGNACIO |
| 245 10 - TITLE STATEMENT | |
| Title | VICARIOS DE CRISTO : |
| Remainder of title | LOS POBRES EN LA TEOLOGIA Y ESPIRITUALIDAD CRISTIANAS |
| 250 ## - EDITION STATEMENT | |
| Edition statement | 3a ed. |
| 260 ## - PUBLICATION, DISTRIBUTION, ETC. | |
| Place of publication, distribution, etc. | MEXICO : |
| Name of publisher, distributor, etc. | INSTITUTO MEXICANO DE DOCTRINA SOCIAL CRISTIANA, |
| Date of publication, distribution, etc. | 2010 |
| 300 ## - PHYSICAL DESCRIPTION | |
| Extent | 1135 |
| Dimensions | 14.8 x 2.3 x 21 |
| 490 ## - SERIES STATEMENT | |
| Series statement | TEXTOS JURIDICOS UNIVERSITARIOS |
| 520 ## - SUMMARY, ETC. | |
| Summary, etc. | EL VALOR DE ESTE LIBRO NO RADICA PRIMORDIALMENTE EN SU CONTENIDO HISTORICO, NI RESPONDE SOLAMENTE A UN INTERES TEOLOGICO FORMAL -AUNQUE SI RESPONDA, FINALMENTE, A LA PREGUNTA TEOLOGICA FUNDAMENTAL SOBRE EL ENCUENTRO CON DIOS-. TAMPOCO PRETENDE, DE ENTRADA, LLEVAR A UNA DETERMINADA PRACTICA, A UNAS CONSECUENCIAS ETICAS. |
| 650 14 - SUBJECT ADDED ENTRY--TOPICAL TERM | |
| Topical term or geographic name entry element | IGLESIA Y PROBLEMAS SOCIALES |
| General subdivision | POBREZA |
| Withdrawn status | Lost status | Source of classification or shelving scheme | Damaged status | Not for loan | Collection code | Home library | Current library | Shelving location | Date acquired | Source of acquisition | Inventory number | Total Checkouts | Full call number | Barcode | Date last seen | Date last checked out | Price effective from | Koha item type |
|---|---|---|---|---|---|---|---|---|---|---|---|---|---|---|---|---|---|---|
| Dewey Decimal Classification | General | Biblioteca Karol Wojtyla | Biblioteca Karol Wojtyla | Sala general | 03/12/2013 | Compra | 151000000000000000056305 | 261.83456 GON | 83298 | 05/01/2026 | 23/05/2014 | 03/12/2013 | Libro |